| 000 | 00426nam a22001697a 4500 | ||
|---|---|---|---|
| 003 | NUST - PNEC | ||
| 005 | 20170116180835.0 | ||
| 008 | 150804b xxu||||| |||| 00| 0 eng d | ||
| 020 | _a0471021261 | ||
| 040 | _cLIBRARY | ||
| 082 | _a539 ROH | ||
| 100 |
_94904 _aRohlf, James William |
||
| 245 |
_aModern physics from [alpha] to Z⁰ _cJames William |
||
| 260 | _cc1994. | ||
| 650 |
_94906 _aphysiesc _xME |
||
| 942 |
_2ddc _cBK |
||
| 999 |
_c64179 _d64179 |
||